000 00487pab a2200169 454500
008 180718b2006 xxu||||| |||| 00| 0 eng d
100 _aTaganas, Rey A.L.
245 _aInnovation systems in India's IT industry: an empirical investigation
260 _c2006
300 _ap.4178-186.
362 _a30 Sep
650 _aInformation technology - India
650 _aInformation technology
700 _aKaul, Vijay Kumar
773 _aEconomic and Political Weekly
909 _a71976
999 _c71976
_d71976